000
00277nam a22001217a 4500
041
_a
ENG
100
_a
Rajaraman .V
245
_a
Analysis And Design Of Information Systems
260
_a
Delhi
_b
Prentice Hall of India
_c
2000
300
_a
359
650
_a
GAE
856
_u
GAE
999
_c
583
_d
583